| 000 | 00818nam a2200241 a 4500 | ||
|---|---|---|---|
| 001 | BRCA_8263 | ||
| 005 | 20190320210212.0 | ||
| 008 | 060614s1955----nyua###f##---#000-0#eng-# | ||
| 041 | _aeng | ||
| 044 | _anyu | ||
| 050 | 4 |
_aN5056 _b.A78 1955 |
|
| 245 | 1 | 0 |
_aArt Treasures Exhibition _bat the Parke-Bernet Galleries _cThe New York Antique & Arts Dealers Association. |
| 260 |
_aNueva York _bNY Antique & Arts Dealers Association _c1955 |
||
| 300 |
_a1 v. (sin paginación) _bil. _c26 cm. |
||
| 500 | _aFor the benefit of the New York City Cancer Committee | ||
| 500 | _aS18 | ||
| 650 | 1 | 4 |
_aArte _vSubastas _919017 |
| 650 | 1 | 4 |
_aArte _vColeccionistas y colecciones _915108 |
| 650 | 1 | 4 |
_aGalerÃas y museos _914022 |
| 710 | 2 |
_aThe New York Antique & Arts Dealers Association _920633 |
|
| 902 | _aGFM | ||
| 942 |
_2lcc _cB |
||
| 999 |
_c7931 _d7931 |
||